| Поле | Инд. | ПП | Название | Значение |
|---|---|---|---|---|
| Тип записи | a | |||
| Библиографический уровень | b | |||
| 001 | Контрольный номер | RU/IS/BASE/484231471 | ||
| 005 | Дата корректировки | 20250313171225.4 | ||
| 008 | Кодируемые данные | 20150506 | ||
| 040 | b | Код языка каталог. | rus | |
| e | Правила каталог. | PSBO | ||
| 041 | 0_ | a | Код языка текста | rus |
| 084 | a | Индекс другой классификации/Индекс ББК | 65.301-21-133.2; 65.03(7США)6 | |
| 100 | 1_ | a | Автор | Ахтырский К. |
| 245 | 10 | a | Заглавие | Ретроспективный анализ первой волны слияния и поглощения компаний на примере промышленного сектора экономики США |
| 504 | a | Библиография | Библиогр. | |
| 520 | a | Аннотация | Появление процесса слияния и поглощения началось в США и происходит волнами. Слияния и поглощения первой волны были в основном горизонтального типа и происходили между предприятиями, занятыми в промышленном производстве. Большинство слияний и поглощений первой волны закончились неудачей, что было вызвано спадом экономического развития в 1903 г., за которым последовал обвал фондового рынка 1904 г. | |
| 650 | 14 | a | Основная рубрика | менеджмент (управление предприятием) |
| a | Основная рубрика | промышленное предприятие | ||
| a | Основная рубрика | экономика | ||
| a | Основная рубрика | экономика предприятия | ||
| a | Основная рубрика | экономическая история (история хозяйства) | ||
| 653 | 1_ | a | Ключевые слова | XX век |
| a | Ключевые слова | антимонопольное законодательство | ||
| a | Ключевые слова | банкротство | ||
| a | Ключевые слова | вертикальная интеграция | ||
| a | Ключевые слова | горизонтальная интеграция | ||
| a | Ключевые слова | интеграция бизнеса | ||
| a | Ключевые слова | история предпринимательства | ||
| a | Ключевые слова | конкурентоспособность предприятия | ||
| a | Ключевые слова | консолидация | ||
| a | Ключевые слова | корпорации | ||
| a | Ключевые слова | отраслевая эффективность | ||
| a | Ключевые слова | поглощение предприятий | ||
| a | Ключевые слова | производство | ||
| a | Ключевые слова | промышленное производство | ||
| a | Ключевые слова | промышленные революции | ||
| a | Ключевые слова | слияние предприятий | ||
| a | Ключевые слова | США | ||
| a | Ключевые слова | экономический кризис | ||
| a | Ключевые слова | эффективность управления | ||
| 773 | 08 | t | Заглавие источника | РИСК: ресурсы, информация, снабжение, конкуренция |
| d | Дата издания источника | 2013 | ||
| g | Прочая информация | № 3. - С. 255 - 258 | ||
| w | Контрольный № источника | RU/IS/BASE/439917319 | ||
| 901 | t | Тип документа | b |